Euroopan kaupungit kirjaimittain - M - Statistics

Yleistilastot
  • Tätä visaa on pelattu 36 kertaa
  • Keskiarvotulos 14 / 25
Vastaukset kartalla
Vastauksille on annettu kartalla punavihreä väri sen mukaan, kuinka moni on saanut sen oikein.
 
Vastaustilastot
% Oikein
Suomi Maarianhamina 11 866 60.098611 19.944444
100%
Suomi Mikkeli 51 890 61.6875 27.273611
100%
Espanja Madrid 3 477 497 40.416667 -3.683333
97%
Ruotsi Malmö 365 644 55.605833 13.0025
93%
Valko-Venäjä Minsk 1 995 471 53.902233 27.561858
93%
Venäjä Moskova 13 274 285 55.755833 37.6175
93%
Monaco Monaco 39 050 43.732778 7.419722
90%
Iso-Britannia Manchester 470 411 53.480833 -2.234444
87%
Ranska Marseille 886 040 43.2975 5.381111
87%
Italia Milano 1 366 155 45.466944 9.19
83%
Saksa München 1 505 005 48.139167 11.580278
83%
Espanja Málaga 597 173 36.719722 -4.42
80%
Venäjä Murmansk 264 339 68.969 33.0788
70%
Espanja Marbella 160 478 36.516667 -4.883333
40%
Ukraina Mariupol 425 681 47.097 37.5414
33%
Saksa Mannheim 318 035 49.483333 8.466667
30%
Ranska Montpellier 310 240 43.611944 3.877222
30%
Italia Messina 216 918 38.183333 15.55
20%
Saksa Münster 308 258 51.95 7.616667
20%
Espanja Murcia 477 631 37.983611 -1.13
20%
Ukraina Mykolajiv 470 011 46.9759 31.994
Maarianhamina 60.098611 19.944444 4 maarianhamina
Madrid 40.416667 -3.683333 4 madrid
Mahiljou 53.909153 30.342919 4 mahiljou
Makijivka 48.044 37.9644 4 makijivka
Málaga 36.719722 -4.42 4 malaga
Malmö 55.605833 13.0025 4 malmo
Manchester 53.480833 -2.234444 4 manchester
Mannheim 49.483333 8.466667 4 mannheim
Marbella 36.516667 -4.883333 4 marbella
Mariupol 47.097 37.5414 4 mariupol
Marseille 43.2975 5.381111 4 marseille
Matosinhos 41.183333 -8.7 4 matosinhos
Messina 38.183333 15.55 4 messina
Mikkeli 61.6875 27.273611 4 mikkeli
Milano 45.466944 9.19 4 milano
Minsk 53.902233 27.561858 4 minsk
Monaco 43.732778 7.419722 4 monaco
Mons 50.45 3.95 4 mons
Montpellier 43.611944 3.877222 4 montpellier
Moskova 55.755833 37.6175 4 moskova
München 48.139167 11.580278 4 munchen
Münster 51.95 7.616667 4 munster
Murcia 37.983611 -1.13 4 murcia
Murmansk 68.969 33.0788 4 murmansk
Mykolajiv 46.9759 31.994 4 mykolajiv
10%
Valko-Venäjä Mahiljou 353 338 53.909153 30.342919
7%
Belgia Mons 97 120 50.45 3.95
7%
Ukraina Makijivka 338 968 48.044 37.9644
0%
Portugali Matosinhos 172 557 41.183333 -8.7
0%
Ehtoja vastaavia visoja ei löytynyt
Tulosjakauma
Jokaisen tuloksen saaneiden osuus
Persentiili vastausten määrän mukaan
Tuloshistoriasi
Et ole pelannut tätä visaa